000 01534nam a2200433 i 4500
001 14616
003 KOSZ 005
005 20211214083311.0
008 070622s1972 pl a f 001 0 pol
015 _aPB 1972/7010
035 _a991034615149705066
035 _a(PL-WaBN)b19318352-48omnis_nlop
035 _ab19318352
035 _a(OCoLC)749497287
035 _a(PL)b0000001931835
035 _a(EXLNZ-48OMNIS_NETWORK)9910374614905606
040 _aWA N
_cWA N
_dKOSZ 005/KK
041 1 _apol
_heng
080 _a530.1
100 1 _aTaylor, Edwin F.
_d(1931- )
_eAutor
245 1 0 _aFizyka czasoprzestrzeni /
_cEdwin F. Taylor, John Archibald Wheeler ; [z jęzęzyka angielskiego tłumaczyła Barbara Pierzchalska].
246 1 _iTytuł oryginału:
_aSpacetime physics
260 _aWarszawa :
_bPaństwowe Wydawnictwo Naukowe,
_c1972.
300 _a291, [5] stron :
_bilustracje ;
_c24 cm.
336 _2rdacontent
_aTekst
_btxt
337 _2rdamedia
_aBez urządzenia pośredniczącego
_bn
338 _2rdacarrier
_aWolumin
_bnc
380 _aKsiążki
388 _a1901-2000
500 _aMiędzynarodowy Rok Książki 1972.
650 _aFizyka
650 _aCzasoprzestrzeń
658 _aFizyka i astronomia
700 1 _aWheeler, John Archibald
_d(1911- ).
700 1 _aPierzchalska, Barbara
_eTłumaczenie
856 _uhttp://koha.tu.koszalin.pl/cgi-bin/koha/opac-detail.pl?biblionumber=14616
_yKatalog online BPK
942 _2UKD
_cKS
999 _c14616
_d14616